International Affairs (Record no. 5499)
[ view plain ]
| 000 -LEADER | |
|---|---|
| fixed length control field | 00508nas a22002057i 4500 |
| 001 - CONTROL NUMBER | |
| control field | 5758 |
| 003 - CONTROL NUMBER IDENTIFIER | |
| control field | OSt |
| 005 - DATE AND TIME OF LATEST TRANSACTION | |
| control field | 20170126082349.0 |
| 007 - PHYSICAL DESCRIPTION FIXED FIELD--GENERAL INFORMATION | |
| fixed length control field | tu |
| 008 - FIXED-LENGTH DATA ELEMENTS--GENERAL INFORMATION | |
| fixed length control field | 161220s xxu||||| |||| 00| 0 d |
| 022 ## - INTERNATIONAL STANDARD SERIAL NUMBER | |
| International Standard Serial Number | 0020-5850 |
| 024 7# - OTHER STANDARD IDENTIFIER | |
| Standard number or code | 5758 |
| Source of number or code | RID |
| 024 7# - OTHER STANDARD IDENTIFIER | |
| Standard number or code | 5758 |
| Source of number or code | RSN (alt) |
| 040 ## - CATALOGING SOURCE | |
| Transcribing agency | OSt |
| 110 2# - MAIN ENTRY--CORPORATE NAME | |
| Corporate name or jurisdiction name as entry element | The Royal Institute of International Affairs |
| 245 00 - TITLE STATEMENT | |
| Title | International Affairs |
| 260 ## - PUBLICATION, DISTRIBUTION, ETC. | |
| Place of publication, distribution, etc. | Oxford : |
| Name of publisher, distributor, etc. | Blackwell Publishing. |
| 856 ## - ELECTRONIC LOCATION AND ACCESS | |
| Uniform Resource Identifier | <a href="http://www.interscience.wiley.com">http://www.interscience.wiley.com</a> |
| 866 #0 - TEXTUAL HOLDINGS--BASIC BIBLIOGRAPHIC UNIT | |
| -- | 1990 66/1 - 2010 |
| 942 ## - ADDED ENTRY ELEMENTS (KOHA) | |
| Koha item type | Journal |
| Withdrawn status | Lost status | Damaged status | Not for loan | Home library | Current library | Shelving location | Date acquired | Inventory number | Total Checkouts | Barcode | Date last seen | Price effective from | Koha item type | Serial Enumeration / chronology |
|---|---|---|---|---|---|---|---|---|---|---|---|---|---|---|
| WIIW | WIIW | Library | 03/03/2007 | 5758 | 10003498 | 01/26/2017 | 01/26/2017 | Journal | ||||||
| WIIW | WIIW | Library | 07/15/2010 | 5758 | 10003891 | 01/26/2017 | 01/26/2017 | Journal | 2010/86/4 | |||||
| WIIW | WIIW | Library | 10/13/2010 | 5758 | 10003986 | 01/26/2017 | 01/26/2017 | Journal | 2010/86/5 | |||||
| WIIW | WIIW | Library | 11/22/2010 | 5758 | 10004044 | 01/26/2017 | 01/26/2017 | Journal | 2010/86/6 | |||||
| WIIW | WIIW | Library | 02/02/2011 | 5758 | 10004115 | 01/26/2017 | 01/26/2017 | Journal | 2011 87/1 | |||||
| WIIW | WIIW | Library | 04/18/2011 | 5758 | 10004164 | 01/26/2017 | 01/26/2017 | Journal | 2011/87/2 | |||||
| WIIW | WIIW | Library | 05/23/2011 | 5758 | 10004193 | 01/26/2017 | 01/26/2017 | Journal | 2011/87/3 | |||||
| WIIW | WIIW | Library | 07/26/2011 | 5758 | 10004218 | 01/26/2017 | 01/26/2017 | Journal | 2011/87/4 | |||||
| WIIW | WIIW | Library | 12/22/2011 | 5758 | 10004262 | 01/26/2017 | 01/26/2017 | Journal | 2011/87/6 |
